000 00435nam a2200145Ia 4500
008 220216s9999 xx 000 0 und d
100 _aPanphim Somprathana
245 0 _aOpportunity in world market for the Thai rubber glove manufacturers who use innovative production
260 _bRubber International Magazine
_c2003
300 _a66-70
650 _aRubber glove
650 _aRubber market
650 _aThailand
942 _cJS
999 _c64408
_d64408